| 000 | 01045nam a22001937a 4500 | ||
|---|---|---|---|
| 999 |
_c59293 _d59293 |
||
| 005 | 20230116102555.0 | ||
| 008 | 230116c2022 ge ||||| |||| 00| 0 geo d | ||
| 022 | _a15120880 | ||
| 041 | _ageo | ||
| 245 |
_aსაქართველოს ბიბლიოთეკა : _bჟურნალი გამოდის წელიწადში ოთხჯერ / _c რედ.: მაია მიქაბერიძე, ალექსანდრე სტურუა, გულნარა სტურუა და სხვ. |
||
| 260 |
_aთბილისი, _c2000- |
||
| 300 | _aV. სმ. | ||
| 653 | _aსაქართველოს ბიბლიოთეკა | ||
| 653 | _aპერიოდიკა | ||
| 700 |
_aმიქაბერიძე, მაია _eრედაქტორი _94374 |
||
| 700 |
_aსტურუა, ალექსანდრე _eრედაქტორი _916666 |
||
| 700 |
_aსტურუა, გულნარა _eრედაქტორი _94373 |
||
| 942 |
_2udc _cCR |
||